5 plus grandes agglomérations de chaque pays du G20 - Statistiques

Statistiques générales
  • Ce quiz a été pris 199 fois
  • Le résultat moyen est 65 sur 100
Statistiques - réponses
Group Hint Réponse % Correct
France 1 680 000 Marseille
99%
France | Union européenne 11 400 000 Paris
99%
Allemagne 4 750 000 Berlin
98%
France 1 990 000 Lyon
98%
Brésil 13 300 000 Rio de Janeiro
97%
France 1 100 000 Bordeaux
96%
Mexique 24 500 000 Mexico
96%
Chine 20 000 000 Pékin
95%
Italie 3 500 000 Rome
95%
Afrique du Sud 14 200 000 Johannesbourg
94%
Royaume-Uni 14 800 000 Londres
94%
Italie | Union européenne 6 150 000 Milan
94%
Russie 17 400 000 Moscou
94%
Argentine 16 600 000 Buenos Aires
93%
Allemagne 2 875 000 Hambourg
93%
Afrique du Sud 4 300 000 Le Cap
93%
France 1 300 000 Lille
93%
Etats-Unis 17 600 000 Los Angeles
93%
Etats-Unis 21 800 000 New York
93%
Russie 5 650 000 Saint-Pétersbourg
93%
Japon 40 500 000 Tokyo
93%
Inde 31 300 000 Delhi
92%
Turquie 16 200 000 Istanbul
92%
Brésil 22 600 000 Sao Paulo
92%
Corée du Sud 25 000 000 Séoul
92%
Australie 5 400 000 Sydney
92%
Turquie 5 150 000 Ankara
90%
Indonésie 32 100 000 Jakarta
90%
Royaume-Uni 3 075 000 Manchester
90%
Canada 4 325 000 Montréal
90%
Italie 4 150 000 Naples
90%
Chine 34 100 000 Shanghai
90%
Etats-Unis 9 650 000 Chicago
88%
Royaume-Uni 1 880 000 Liverpool
88%
Inde 25 600 000 Mumbai
88%
Allemagne 3 275 000 Francfort
87%
Canada 7 650 000 Toronto
87%
Brésil 4 050 000 Brasilia
86%
Arabie saoudite 8 400 000 Riyad
86%
Italie 1 610 000 Turin
86%
Chine 47 600 000 Canton
85%
Australie 5 050 000 Melbourne
85%
Royaume-Uni 3 150 000 Birmingham
83%
Allemagne | Union européenne 5 000 000 Cologne-Düsseldorf
83%
Japon 17 700 000 Osaka
83%
Canada 2 900 000 Vancouver
83%
Etats-Unis 8 550 000 Washington
80%
Inde 17 000 000 Calcutta
78%
Italie 1 000 000 Florence
78%
Union européenne 6 700 000 Madrid
76%
Australie 2 075 000 Perth
76%
Etats-Unis 7 750 000 San Francisco
74%
Royaume-Uni 2 150 000 Leeds
71%
Arabie saoudite 2 200 000 La Mecque
67%
Australie 3 225 000 Brisbane
63%
Mexique 5 550 000 Guadalajara
63%
Afrique du Sud 3 475 000 Durban
60%
Brésil 5 050 000 Belo Horizonte
58%
Turquie 3 050 000 Izmir
58%
Canada 1 520 000 Calgary
55%
Australie 1 360 000 Adelaide
54%
Mexique 5 600 000 Monterrey
54%
Japon 10 500 000 Nagoya
52%
Canada 1 370 000 Edmonton
51%
Inde 12 700 000 Bangalore
50%
Arabie saoudite 1 590 000 Médine
49%
Corée du Sud 4 075 000 Busan
48%
Allemagne | Union européenne 5 650 000 Ruhr
47%
Russie 1 730 000 Nijni Novgorod
45%
Inde 11 600 000 Chennai
44%
Brésil 4 150 000 Porto Alegre
39%
Japon 2 500 000 Sapporo
38%
Russie 1 670 000 Iekaterinbourg
37%
Argentine 1 380 000 Rosario
36%
Arabie saoudite 5 150 000 Jeddah
34%
Afrique du Sud 1 380 000 Port Elizabeth
34%
Chine 13 200 000 Tianjin
34%
Indonésie 6 150 000 Surabaya
33%
Indonésie 7 050 000 Bandung
31%
Argentine 1 680 000 Cordoba
29%
Japon 2 750 000 Fukuoka
25%
Chine 10 200 000 Xiamen
25%
Turquie 2 125 000 Bursa
19%
Argentine 1 110 000 Mendoza
18%
Mexique 4 025 000 Puebla
18%
Indonésie 4 075 000 Medan
16%
Turquie 1 750 000 Adana
15%
Corée du Sud 2 775 000 Daegu
15%
Russie 1 700 000 Novosibirsk
11%
Mexique 2 550 000 Toluca
11%
Arabie saoudite 2 575 000 Dammam
10%
Corée du Sud 1 600 000 Gwangju
4%
Argentine 1 030 000 San Miguel de Tucuman
4%
Indonésie 2 275 000 Semarang
4%
Corée du Sud 1 520 000 Daejeon
3%
Afrique du Sud 728 063 Soshanguve
0%
Aucun quiz correspondant
Distribution des résultats
% des personnes avec chaque résultat
Percentile par nombre de réponses
Votre historique - résultats
Vous n’avez pas pris ce quiz